000 00744cab a2200241 4500
001 WB3311-03
008 090401t1997 xxu||||| |||| 00| 0 eng d
035 _a(Sirsi) u77033
041 _aeng
245 _aOutput and employment statistics
260 _c1997
350 _a0
490 _aDOE Information Bulletin
_v(125) 7 March 1997
490 _aRICS Press Release
_v(PR23.cons) 7 March 1997, (15)
520 _aStatistics for 4Q 1996 shows construction output figures to be higher and employment figures to be lower, than previous periods.
650 _aCONSTRUCTION INDUSTRY
650 _aEMPLOYMENT FIGURES
650 _aOUTPUT
650 _aSTATISTICS
690 _aBUILT ENVIRONMENT
942 _n0
948 _c11/03/1997
999 _c48403
_d48403